New practice readers; T2 Book B

Wedi'i Gadw mewn:
Manylion Llyfryddiaeth
Prif Awdur: Grove, Charles C.
Fformat: Llyfr
Iaith:Undetermined
Cyhoeddwyd: New York McGraw-Hill 1960
Pynciau:
Tagiau: Ychwanegu Tag
Dim Tagiau, Byddwch y cyntaf i dagio'r cofnod hwn!
Thư viện lưu trữ: Trung tâm Học liệu Trường Đại học Cần Thơ
LEADER 00511nam a2200181Ia 4500
001 CTU_424
008 210402s9999 xx 000 0 und d
082 |a 428.0071 
082 |b S877/T.2 
100 |a Grove, Charles C. 
245 0 |a New practice readers; T2 
245 0 |b Book B 
245 0 |c Charles C. Grove, Donald G. Anderson 
260 |a New York 
260 |b McGraw-Hill 
260 |c 1960 
650 |a english language - study and teaching 
980 |a Trung tâm Học liệu Trường Đại học Cần Thơ